A une dame créole - Baudelaire - Statistiques

Statistiques générales
  • Ce quiz a été pris 12 fois
  • Le résultat moyen est 48 sur 120
Statistiques - réponses
Texte % Correct
A
100%
à
100%
créole
100%
d'
100%
dame
80%
J'
80%
l'
80%
la
80%
le
80%
les
80%
un
80%
ai
70%
de
70%
des
70%
Une
70%
une
70%
Et
60%
et
60%
60%
ou
60%
sous
60%
Au
50%
au
50%
dans
50%
que
50%
Que
50%
sur
50%
Sur
50%
vous
50%
Vous
50%
aux
40%
en
40%
est
40%
Son
40%
tout
40%
Belle
30%
noirs
30%
plus
30%
Si
30%
soleil
30%
yeux
30%
abri
20%
arbres
20%
bords
20%
caresse
20%
charmes
20%
chaud
20%
coeur
20%
comme
20%
connu
20%
cou
20%
dais
20%
empourprés
20%
feriez
20%
ignorés
20%
Loire
20%
Madame
20%
maniérés
20%
mille
20%
noblement
20%
paresse
20%
parfumé
20%
pays
20%
poètes
20%
retraites
20%
ses
20%
sonnets
20%
soumis
20%
vos
20%
airs
10%
alliez
10%
antiques
10%
assurés
10%
brune
10%
chasseresse
10%
digne
10%
Germer
10%
gloire
10%
Grande
10%
grands
10%
manoirs
10%
marchant
10%
ombreuses
10%
orner
10%
pâle
10%
palmiers
10%
pleut
10%
rendraient
10%
Seine
10%
sourire
10%
svelte
10%
teint
10%
tranquille
10%
verte
10%
vrai
10%
encheteresse
0%
Aucun quiz correspondant
Distribution des résultats
% des personnes avec chaque résultat
Percentile par nombre de réponses
Votre historique - résultats
Vous n’avez pas pris ce quiz